| 000 | 005510000a22001810004500 | ||
|---|---|---|---|
| 003 | MACL | ||
| 005 | 20160209160444.0 | ||
| 008 | 160209b xxu||||| |||| 00| 0 eng d | ||
| 040 |
_aMACL _cMACL |
||
| 041 | _aHindi | ||
| 082 | _a100 | ||
| 100 |
_aवर्म्मा जगन्मोहन _937493 |
||
| 245 | _aविवेकानन्द-ग्रन्थावली | ||
| 260 | _bकाशी नागरीप्रचारिणी सभा | ||
| 350 | _a3 | ||
| 650 |
_aPhilosophy _937494 |
||
| 942 |
_cHIN _k100 _2ddc |
||
| 999 |
_c23769 _d23769 |
||